Tribhuvan University Central Library

Kulung a brief introduction. (Record no. 107122)

MARC details
000 -LEADER
fixed length control field 00539nam a22001937a 4500
008 - FIXED-LENGTH DATA ELEMENTS--GENERAL INFORMATION
fixed length control field 230201b |||||||| |||| 00| 0 eng d
020 ## - INTERNATIONAL STANDARD BOOK NUMBER
International Standard Book Number 9789937027915
082 ## - DEWEY DECIMAL CLASSIFICATION NUMBER
Classification number 305.8/T369k
100 ## - MAIN ENTRY--PERSONAL NAME
Personal name Thomros, Bhupa Dhoj.
245 ## - TITLE STATEMENT
Title Kulung a brief introduction.
260 ## - PUBLICATION, DISTRIBUTION, ETC.
Place of publication, distribution, etc. Lalitpur:
Name of publisher, distributor, etc. National Foundation for Development of Indigenous Nationalities,
Date of publication, distribution, etc. 2017.
300 ## - PHYSICAL DESCRIPTION
Other physical details 77p.
504 ## - BIBLIOGRAPHY, ETC. NOTE
Bibliography, etc. note Bibliography:p.73-77.
650 ## - SUBJECT ADDED ENTRY--TOPICAL TERM
Topical term or geographic name entry element Ethnic groups.
650 ## - SUBJECT ADDED ENTRY--TOPICAL TERM
Topical term or geographic name entry element Culture
650 ## - SUBJECT ADDED ENTRY--TOPICAL TERM
Topical term or geographic name entry element Social life
653 ## - INDEX TERM--UNCONTROLLED
Uncontrolled term Kulung
942 ## - ADDED ENTRY ELEMENTS (KOHA)
Source of classification or shelving scheme Dewey Decimal Classification
Koha item type General Collections
Holdings
Withdrawn status Lost status Source of classification or shelving scheme Damaged status Not for loan Home library Current library Shelving location Date acquired Total Checkouts Full call number Barcode Date last seen Price effective from Koha item type
    Dewey Decimal Classification     Tribhuvan University Central Library Tribhuvan University Central Library New Building 02/01/2023   305.8/T369k G80034 02/01/2023 02/01/2023 General Collections